000 00405nam a2200181Ia 4500
001 10499
005 20260306161836.0
008 260306t1985||||xx |||||||||||||| ||spa||
041 _aESP
082 _a938.07
_bC97
100 _aCurcio Rufo, Quinto
_eAUT
245 0 _aHistoria de Alejandro Magno
260 _c1985
300 _a
_c
650 _aGEN
654 _aCHU
942 _cLIB
_dJUS
_fJUS
_2ddc
_n
999 _c10499
_d10499